LIBRARY ONLINE CATALOGUE

Biostatistics simplified / (Record no. 4140)

MARC details
000 -LEADER
fixed length control field 00617cam a22002172 4500
001 - CONTROL NUMBER
control field 0000020590
005 - DATE AND TIME OF LATEST TRANSACTION
control field 20151217145925.0
008 - FIXED-LENGTH DATA ELEMENTS--GENERAL INFORMATION
fixed length control field 110926s xx 000 0 eng d
020 ## - INTERNATIONAL STANDARD BOOK NUMBER
International Standard Book Number 8184487480 :
040 ## - CATALOGING SOURCE
Original cataloging agency KABU
Transcribing agency KABU
100 1# - MAIN ENTRY--PERSONAL NAME
Personal name Sarmukaddam, Sanjeev B.
-- 0000180997
245 10 - TITLE STATEMENT
Title Biostatistics simplified /
Statement of responsibility, etc. Sarmukaddam, Sanjeev B.
250 ## - EDITION STATEMENT
Edition statement 1st ed.
260 ## - PUBLICATION, DISTRIBUTION, ETC. (IMPRINT)
Place of publication, distribution, etc. New Delhi :
Name of publisher, distributor, etc. Jaypee,
Date of publication, distribution, etc. 2010.
300 ## - PHYSICAL DESCRIPTION
Extent 412 p.
650 #0 - SUBJECT ADDED ENTRY--TOPICAL TERM
Topical term or geographic name as entry element Biometry.
-- 0000155248
650 #0 - SUBJECT ADDED ENTRY--TOPICAL TERM
Topical term or geographic name as entry element Biostatistics.
-- 0000180998
852 1# - LOCATION
-- p650 KES
908 ## - PUT COMMAND PARAMETER (RLIN)
Put command parameter 110926
950 ## - LOCAL HOLDINGS (RLIN)
-- 1
Holdings
Withdrawn status Lost status Source of classification or shelving scheme Not for loan Home library Current library Date acquired Total Checkouts Full call number Barcode Date last seen Date last checked out Price effective from Koha item type
    Library of Congress Classification   Kabarak, Main Campus Kabarak, Main Campus 17/12/2015 5 QH323.5 .S27 2010 c.1 21411 07/01/2026 11/09/2025 17/12/2015 General Collection